000 01267cam a2200373 i 4500
999 _c18992
_d18992
001 22545516
005 20240207150625.0
008 220513t20232023enka b 001 0 eng d
010 _a 2022938560
015 _aGBC2E8509
_2bnb
016 7 _a020722613
_2Uk
020 _a1509542582
020 _a9781509542581
020 _a1509542574
020 _a9781509542574
035 _a(OCoLC)on1304813309
040 _aYDX
_beng
_cYDX
_erda
_dBDX
_dUKMGB
_dOCLCF
_dYDX
_dDLC
042 _alccopycat
050 0 0 _aTK5105.88815
_b.I53 2023
082 0 4 _aDC 025.0427
_22023
_bIl5
100 1 _aIliadis, Andrew,
_eauthor.
_951821
245 1 0 _aSemantic media :
_bmapping meaning on the internet /
_cAndrew Iliadis.
260 _aCambridge ; Hoboken :
_bPolity Press,
_c©2023
300 _ax, 220 pages :
_billustrations ;
_c22 cm
504 _aIncludes bibliographical references and index.
650 0 _aSemantic Web.
_951822
650 0 _aInternet
_xTechnological innovations.
_951823
650 7 _aInternet
_xTechnological innovations.
_2fast
_951823
650 7 _aSemantic Web.
_2fast
_951822
365 _b2,146.00
_cPhp
906 _a7
_bcbc
_ccopycat
_d2
_encip
_f20
_gy-gencatlg
942 _2ddc
_cDC